| Tag |
First Indicator |
Second Indicator |
Subfields |
| LEADER |
00000cam a2200000 4500 |
| 001 |
in00002781222 |
| 005 |
20150922120921.0 |
| 008 |
111120s2012 ne a b 000 0 eng d |
| 020 |
|
|
|a 9783790828016
|
| 020 |
|
|
|a 3790828017
|
| 035 |
|
|
|a (OCoLC)ocn761857875
|
| 040 |
|
|
|a BTCTA
|c BTCTA
|d YDX
|d BWX
|d PAU
|d IAL
|d TXA
|d UtOrBLW
|
| 049 |
|
|
|a TXAM
|
| 090 |
|
|
|a HE249
|b .B43 2012
|
| 100 |
1 |
|
|a Beck, Arne.
|
| 245 |
1 |
0 |
|a Competition for public transport services :
|b institutional framework and empirical evidence of bus services in Germany /
|c Arne Beck.
|
| 264 |
|
1 |
|a Heidelberg ;
|a New York :
|b Physica Verlag,
|c [2012]
|
| 264 |
|
4 |
|c ©2012
|
| 300 |
|
|
|a xv, 235 pages :
|b illustrations ;
|c 24 cm.
|
| 336 |
|
|
|a text
|b txt
|2 rdacontent
|
| 337 |
|
|
|a unmediated
|b n
|2 rdamedia
|
| 338 |
|
|
|a volume
|b nc
|2 rdacarrier
|
| 504 |
|
|
|a Includes bibliographical references (pages 223-225).
|
| 650 |
|
0 |
|a Transportation
|z Germany.
|
| 650 |
|
0 |
|a Transportation and state
|z Germany.
|
| 945 |
|
|
|a PromptCat
|
| 948 |
|
|
|a cataloged
|b h
|c 2012/9/27
|d c
|e dmitchel
|f 9:30:20 am
|
| 994 |
|
|
|a C0
|b TXA
|
| 999 |
|
|
|a MARS
|
| 999 |
f |
f |
|s d8735703-7b7b-30a8-8de9-b81eeb7a4abb
|i e71b46f3-156e-3fd6-ae5d-58e749019f31
|t 0
|
| 952 |
f |
f |
|p ric
|a Texas A&M University
|b Rellis Campus
|c Joint Library Facility
|d Remote Storage
|t 0
|e HE249 .B43 2012
|h Library of Congress classification
|i unmediated -- volume
|m A14835989870
|
| 998 |
f |
f |
|a HE249 .B43 2012
|t 0
|l Remote Storage
|